[Event "Large October 06 Tournament"]
[Site "SchemingMind.com"]
[Date "2006.10.21"]
[Round "-"]
[White "_keyes"]
[Black "capablanca"]
[Result "1-0"]
[WhiteCountry "ENG"]
[BlackCountry "GER"]
[WhiteElo "1892"]
[WhiteRD "79"]
[BlackElo "1673"]
[BlackRD "51"]
[GameID "72982"]

1. d4 d5 2. c4 e6 3. Nc3 Nf6 4. Nf3 Be7 5. Bg5 O-O 6. Bxf6 Bxf6 7. cxd5 exd5 8. e3 Be6 9. Qb3 b6 10. Rc1 Nd7
11. Nxd5 c6 12. Nxf6+ Nxf6 13. Qa3 Qd5 14. Bc4 Qe4 15. Bd3 Qg4 16. Kf1 Bd5 17. Be2 Ne4 18. Rg1 Qe6 19. b3 c5 20. Qb2 Rac8
21. Ba6 Rc7 22. Ne5 Qf5 23. Bd3 f6 24. g4 Qe6 25. Nc4 Rfc8 26. f3 Ng5 27. e4 Bb7 28. d5 Qe8 29. Qe2 Ba6 30. Nd6 Bxd3
31. Qxd3 Qe5 32. Nxc8 Rxc8 33. Kg2 Rd8 34. Qe3 Qb2+ 35. Kg3 Qxa2 36. h4 Nf7 37. Ra1 Qb2 38. Rxa7 Qe5+ 39. f4 Qd6 40. Rga1 h6
41. h5 Re8 42. Qd3 Ng5 43. Re1 Qb8 44. Ra2 Nf7 45. Rae2 Nd6 46. e5 fxe5 47. fxe5 Nf7 48. d6 Re6 49. Qd5
1-0

[Event "Large October 06 Tournament"]
[Site "SchemingMind.com"]
[Date "2006.10.21"]
[Round "-"]
[White "capablanca"]
[Black "_keyes"]
[Result "0-1"]
[WhiteCountry "GER"]
[BlackCountry "ENG"]
[WhiteElo "1673"]
[WhiteRD "51"]
[BlackElo "1892"]
[BlackRD "79"]
[GameID "72983"]

1. c4 c5 2. Nc3 Nc6 3. g3 Nf6 4. Bg2 e6 5. Nf3 d6 6. O-O a6 7. d3 Be7 8. Bd2 Qc7 9. a3 Bd7 10. Rb1 O-O
11. b4 cxb4 12. axb4 Na7 13. Nd4 e5 14. Nb3 Rab8 15. Nd5 Nxd5 16. Bxd5 Bc6 17. Bxc6 Nxc6 18. Bc3 b5 19. cxb5 axb5 20. Nd2 f5
21. Qb3+ Kh8 22. Rfc1 Qb6 23. Ra1 f4 24. Ne4 fxg3 25. hxg3 Rbd8 26. Ra2 d5 27. Nc5 Bxc5 28. e3 Bxe3 29. fxe3 Qxe3+ 30. Kg2 Qf3+
31. Kh2 Rd6 32. Bd2 Nd4 33. Qb2 Rdf6 34. Bg5 Qh5+ 35. Bh4 Nf3+ 36. Kg2 Nxh4+ 37. gxh4 Qg4+ 38. Kh1 Qh3+
0-1

[Event "Large October 06 Tournament"]
[Site "SchemingMind.com"]
[Date "2006.10.22"]
[Round "-"]
[White "mebalse"]
[Black "_keyes"]
[Result "1-0"]
[WhiteCountry "URU"]
[BlackCountry "ENG"]
[WhiteElo "1897"]
[WhiteRD "106"]
[BlackElo "1892"]
[BlackRD "79"]
[GameID "72987"]

1. e4 c5 2. f4 d5 3. e5 e6 4. c3 Nc6 5. d4 cxd4 6. cxd4 Qb6 7. Nf3 Bb4+ 8. Kf2 Nge7 9. a3 Nxd4 10. Be3 Nef5
11. axb4 Qxb4 12. Bxd4 O-O 13. Ra4
1-0

[Event "Large October 06 Tournament"]
[Site "SchemingMind.com"]
[Date "2006.10.21"]
[Round "-"]
[White "mebalse"]
[Black "capablanca"]
[Result "1-0"]
[WhiteCountry "URU"]
[BlackCountry "GER"]
[WhiteElo "1897"]
[WhiteRD "106"]
[BlackElo "1673"]
[BlackRD "51"]
[GameID "72988"]

1. d4 d5 2. Bf4 Nf6 3. e3 g6 4. c4 c6 5. Qb3 Bg7 6. Nc3 dxc4 7. Bxc4 O-O 8. Nf3 Nbd7 9. O-O Nb6 10. Rad1 Nxc4
11. Qxc4 Be6 12. Qb4 b6 13. b3 Bg4 14. h3 Bxf3 15. gxf3 Nd5 16. Nxd5 cxd5 17. Rd2 Rc8 18. Qa3 Qd7 19. Kg2 Rc6 20. Qb2 Rfc8
21. a4 Rc3 22. Ra1 R8c6 23. b4 Qc8 24. b5 Rc2 25. Rxc2 Rxc2 26. Qb4 e6 27. a5 Rb2 28. Qa4 Bf8 29. axb6 axb6 30. Qa8 Qxa8
31. Rxa8 Kg7 32. Be5+ f6 33. Ra7+ Kh6 34. Bxf6 Rxb5 35. h4 Ra5 36. Bg5+
1-0

[Event "Large October 06 Tournament"]
[Site "SchemingMind.com"]
[Date "2006.10.21"]
[Round "-"]
[White "_keyes"]
[Black "mebalse"]
[Result "1/2-1/2"]
[WhiteCountry "ENG"]
[BlackCountry "URU"]
[WhiteElo "1892"]
[WhiteRD "79"]
[BlackElo "1897"]
[BlackRD "106"]
[GameID "72989"]

1. d4 e6 2. c4 Nf6 3. Nc3 c5 4. d5 exd5 5. cxd5 d6 6. e4 a6 7. a4 g6 8. Qc2 Bg7 9. Bd3 O-O 10. Nf3 Nbd7
11. O-O Ne5 12. Nxe5 dxe5 13. Be3 b6 14. f3 Qd6 15. Rad1 Bd7 16. Qe2 Bc8 17. Nb1 a5 18. Nd2 Ne8 19. Nc4 Qc7 20. Qd2 Nd6
21. Bh6 Nxc4 22. Bxc4 Qd6 23. Bxg7 Kxg7 24. Qd3 Bb7 25. g3 f5 26. Kg2 f4 27. g4= g5 28. Rh1 h5 29. h3 Rf6 30. Rh2 Rh6
31. Rdh1 Rah8 32. b3 Kf7=
1/2-1/2

[Event "Large October 06 Tournament"]
[Site "SchemingMind.com"]
[Date "2006.10.21"]
[Round "-"]
[White "capablanca"]
[Black "mebalse"]
[Result "1-0"]
[WhiteCountry "GER"]
[BlackCountry "URU"]
[WhiteElo "1673"]
[WhiteRD "51"]
[BlackElo "1897"]
[BlackRD "106"]
[GameID "72990"]

1. c4 Nf6 2. Nc3 e6 3. g3 d5 4. cxd5 exd5 5. Bg2 d4 6. Qa4+ c6 7. Ne4 Bf5 8. Nxf6+ Qxf6 9. d3 Na6 10. Nf3 Nc5
11. Qxd4 Be7 12. O-O O-O 13. Be3 Ne6 14. Qxf6 Bxf6 15. Rab1 Rfd8 16. b3 Nc7 17. Bg5 Bxg5 18. Nxg5 Nb5 19. Rfc1 Na3 20. Rb2 Rd6
21. b4 f6 22. Ne4 Bxe4 23. Bxe4 g6 24. Rb3 Nb5 25. a4 Nd4 26. Rb2 f5 27. Bg2 Re8 28. e3 Ne6 29. d4 Kf7 30. b5 cxb5
31. Rxb5 b6 32. Bd5 Ke7 33. Bxe6 Kxe6 34. Re5+ Kd7 35. Rxe8 Kxe8 36. Rc7 Rd7 37. Rxd7 Kxd7 38. Kf1 Kd6 39. Ke2 Kd5 40. Kd3 g5
41. h3 h5 42. f3 a6 43. e4+ Ke6 44. h4 f4 45. d5+
1-0

[Event "Large October 06 Tournament"]
[Site "SchemingMind.com"]
[Date "2006.10.22"]
[Round "-"]
[White "tacticrules"]
[Black "_keyes"]
[Result "0-1"]
[WhiteCountry "GER"]
[BlackCountry "ENG"]
[WhiteElo "1601"]
[WhiteRD "58"]
[BlackElo "1892"]
[BlackRD "79"]
[GameID "73034"]

1. Nf3 c5 2. c4 Nf6 3. Nc3 e6 4. d4 cxd4 5. Nxd4 a6 6. g3 Qc7 7. Qd3 Bc5 8. Be3 O-O 9. Bg2 d6 10. O-O Nbd7
11. Rfd1 Ne5 12. Qc2 Nxc4 13. Bg5 Bxd4 14. Rxd4 Ne8 15. Na4 d5 16. b3 Na5 17. Qxc7 Nxc7 18. Rc1 Nb5 19. Rd2 Nc6 20. e4 d4
21. Nb6 Rb8 22. Bf4 e5 23. Bxe5 Nxe5 24. a4 Nc3 25. Nd5 Nxd5 26. exd5 b5 27. f4 Nd7 28. Rxd4 Re8 29. Bh3 Nf6 30. Bxc8 Rbxc8
31. Rxc8 Rxc8 32. axb5 axb5 33. Kf1 Rd8 34. Ke2 Rxd5 35. Rb4 Ne8 36. Re4 Kf8 37. Kf3 Nd6 38. Re3 b4 39. Re1 Rd3+
0-1

[Event "Large October 06 Tournament"]
[Site "SchemingMind.com"]
[Date "2006.10.22"]
[Round "-"]
[White "tacticrules"]
[Black "capablanca"]
[Result "0-1"]
[WhiteCountry "GER"]
[BlackCountry "GER"]
[WhiteElo "1610"]
[WhiteRD "53"]
[BlackElo "1718"]
[BlackRD "56"]
[GameID "73035"]

1. Nf3 Nf6 2. c4 c5 3. Nc3 Nc6 4. g3 g6 5. Bg2 Bg7 6. O-O O-O 7. d4 cxd4 8. Nxd4 a6 9. Nxc6 dxc6 10. Qxd8 Rxd8
11. Nd1 Be6 12. Ne3 Rd7 13. b3 Rad8 14. Bb2 Rd2 15. Rad1 Ng4 16. Bxg7 Kxg7 17. Rxd2 Rxd2 18. Rd1 Rxe2 19. Bf3 Nxe3 20. fxe3 Rxe3
21. Kf2 Rc3 22. Rd2= Bf5 23. Be2 Rc2 24. Rxc2 Bxc2 25. Ke3 e5 26. Bd3 Bxd3 27. Kxd3= f5 28. Ke3 Kf6 29. h4 h6 30. Kf3 g5
31. hxg5+ hxg5
0-1

[Event "Large October 06 Tournament"]
[Site "SchemingMind.com"]
[Date "2006.10.22"]
[Round "-"]
[White "tacticrules"]
[Black "mebalse"]
[Result "0-1"]
[WhiteCountry "GER"]
[BlackCountry "URU"]
[WhiteElo "1601"]
[WhiteRD "58"]
[BlackElo "1897"]
[BlackRD "106"]
[GameID "73036"]

1. Nf3 e6 2. c4 d5 3. e3 c5 4. d4 Nf6 5. Nc3 Nc6 6. Bd3 cxd4 7. exd4 Bb4 8. Qc2 dxc4 9. Bxc4 Nd5 10. Bd2 Bxc3
11. Bxc3 O-O 12. O-O b6 13. Rfd1 Bb7 14. Rac1 Nce7 15. Qb3 Nxc3 16. Qxc3 Rc8 17. Qd3 Nd5 18. Bxd5 Qxd5 19. b3 Rc6 20. Rxc6 Qxc6
21. Qe3 Rc8 22. a4 Qc2 23. Re1 Rc3 24. Qf4 Bxf3 25. gxf3 Rc8 26. Qe3 h6 27. Kg2 Rc3 28. Qf4 Qxb3 29. Qb8+ Kh7 30. Qxa7 Kg6
31. Re3 Rxe3 32. fxe3 Qxe3 33. Qxb6 Qe2+ 34. Kg3 Qe1+ 35. Kg2 h5 36. Qd6 Qe2+ 37. Kg1 Qd1+ 38. Kg2 Qxa4 39. Qg3+ Kh7 40. Qh4 Qc2+
41. Qf2 Qxf2+ 42. Kxf2 Kg6 43. h4 Kf5 44. Ke3 f6 45. Kf2 Kf4
0-1

[Event "Large October 06 Tournament"]
[Site "SchemingMind.com"]
[Date "2006.10.22"]
[Round "-"]
[White "_keyes"]
[Black "tacticrules"]
[Result "1-0"]
[WhiteCountry "ENG"]
[BlackCountry "GER"]
[WhiteElo "1892"]
[WhiteRD "79"]
[BlackElo "1601"]
[BlackRD "58"]
[GameID "73037"]

1. d4 d5 2. c4 c6 3. Nc3 Nf6 4. Nf3 dxc4 5. a4 Bf5 6. e3 e6 7. Bxc4 Bb4 8. O-O O-O 9. Qe2 Nbd7 10. Nd2 Nb6
11. Bb3 Rc8 12. f3 Bxc3 13. bxc3 Re8 14. e4 Bg6 15. a5 Nbd7 16. Nc4 e5 17. Nd6 exd4 18. Nxe8 Qxe8 19. cxd4 b6 20. Be3 Qd8
21. axb6 axb6 22. Rfc1 Nb8 23. Rc2 c5 24. dxc5 bxc5 25. Bxc5 Nfd7 26. Bf2 Rxc2 27. Qxc2 Ne5 28. Ra8
1-0

[Event "Large October 06 Tournament"]
[Site "SchemingMind.com"]
[Date "2006.10.22"]
[Round "-"]
[White "capablanca"]
[Black "tacticrules"]
[Result "0-1"]
[WhiteCountry "GER"]
[BlackCountry "GER"]
[WhiteElo "1633"]
[WhiteRD "55"]
[BlackElo "1621"]
[BlackRD "87"]
[GameID "73038"]

1. c4 c5 2. Nc3 Nf6 3. g3 g6 4. Bg2 Bg7 5. d4 cxd4 6. Qxd4 O-O 7. Nf3 Nc6 8. Qd2 d6 9. O-O Be6 10. b3 Ne4
0-1

[Event "Large October 06 Tournament"]
[Site "SchemingMind.com"]
[Date "2006.10.22"]
[Round "-"]
[White "mebalse"]
[Black "tacticrules"]
[Result "1/2-1/2"]
[WhiteCountry "URU"]
[BlackCountry "GER"]
[WhiteElo "1897"]
[WhiteRD "106"]
[BlackElo "1601"]
[BlackRD "58"]
[GameID "73039"]

1. d4 d5 2. Bf4 e6 3. e3 Nf6 4. c4 c5 5. Nf3 Nc6 6. Qa4 Bd7 7. dxc5 Bxc5 8. cxd5 Nd4 9. Qd1 Bb4+ 10. Nfd2 Nxd5
11. Bg3 Nf5 12. a3 Bxd2+ 13. Qxd2 Nxg3 14. hxg3 Nf6 15. Nc3 O-O 16. Bd3 Qb6 17. Rh4 Bc6 18. f3 Rad8 19. O-O-O Rd7 20. Qe2 Rfd8
21. Bxh7+ Nxh7 22. Rdh1 Rd2 23. Qxd2 Rxd2 24. Kxd2 Qxb2+ 25. Kd3 Bb5+ 26. Nxb5 Qxb5+ 27. Kd2 Qb2+ 28. Ke1 Qxg2 29. Rxh7 Qxg3+ 30. Kd2 Qd6+
31. Ke2 Kf8=
1/2-1/2

[Event "Large October 06 Tournament"]
[Site "SchemingMind.com"]
[Date "2006.10.23"]
[Round "-"]
[White "Turbaczyk"]
[Black "_keyes"]
[Result "0-1"]
[WhiteCountry "POL"]
[BlackCountry "ENG"]
[WhiteElo "1187"]
[WhiteRD "109"]
[BlackElo "1914"]
[BlackRD "82"]
[GameID "73257"]

1. e4 c5 2. Nf3 d6 3. Bb5+ Bd7 4. Bxd7+ Qxd7 5. O-O Nc6 6. Nc3 a6 7. d4 cxd4 8. Nxd4 Nxd4 9. Qxd4 Nf6 10. Bf4 e5
11. Bxe5 dxe5 12. Qxe5+ Qe7
0-1

[Event "Large October 06 Tournament"]
[Site "SchemingMind.com"]
[Date "2006.10.23"]
[Round "-"]
[White "Turbaczyk"]
[Black "capablanca"]
[Result "0-1"]
[WhiteCountry "POL"]
[BlackCountry "GER"]
[WhiteElo "1187"]
[WhiteRD "109"]
[BlackElo "1718"]
[BlackRD "56"]
[GameID "73258"]

1. c4 c5 2. g3 g6 3. Bg2 Bg7 4. e4 Nc6 5. Ne2 d6 6. O-O Nf6 7. d3 O-O 8. Nbc3 a6 9. a3 Nd7 10. Bd2 Nd4
11. Nxd4 Bxd4 12. Rb1 Bg7 13. b4 cxb4 14. axb4 Rb8
0-1

[Event "Large October 06 Tournament"]
[Site "SchemingMind.com"]
[Date "2006.10.24"]
[Round "-"]
[White "Turbaczyk"]
[Black "tacticrules"]
[Result "0-1"]
[WhiteCountry "POL"]
[BlackCountry "GER"]
[WhiteElo "1187"]
[WhiteRD "109"]
[BlackElo "1610"]
[BlackRD "53"]
[GameID "73260"]

1. e4 e6 2. e5 d5 3. exd6 Qxd6 4. d4 e5 5. Nf3 Nc6 6. Be3 exd4 7. Nxd4 Be6 8. Bb5 Bd7 9. O-O Nge7 10. Nxc6 Bxc6
11. Qxd6 cxd6 12. Nc3 a6
0-1

[Event "Large October 06 Tournament"]
[Site "SchemingMind.com"]
[Date "2006.10.23"]
[Round "-"]
[White "_keyes"]
[Black "Turbaczyk"]
[Result "1-0"]
[WhiteCountry "ENG"]
[BlackCountry "POL"]
[WhiteElo "1914"]
[WhiteRD "82"]
[BlackElo "1187"]
[BlackRD "109"]
[GameID "73262"]

1. d4 f5 2. g3 Nf6 3. Bg2 c6 4. Nh3 d5 5. O-O e6 6. Bg5 Bd6 7. Nd2 O-O 8. c4 dxc4 9. Nxc4 h6 10. Bf4 Bxf4
11. Nxf4 b5 12. Ne5
1-0

[Event "Large October 06 Tournament"]
[Site "SchemingMind.com"]
[Date "2006.10.23"]
[Round "-"]
[White "capablanca"]
[Black "Turbaczyk"]
[Result "1-0"]
[WhiteCountry "GER"]
[BlackCountry "POL"]
[WhiteElo "1718"]
[WhiteRD "56"]
[BlackElo "1187"]
[BlackRD "109"]
[GameID "73263"]

1. c4 e5 2. Nc3 Bc5 3. g3 d6 4. Bg2 c6 5. Na4 b6 6. Nxc5 bxc5 7. d3 Ne7 8. Nf3 O-O 9. O-O d5 10. Nxe5 Bf5
11. Qa4 d4 12. Nxc6 Qd7 13. Nxe7+ Qxe7 14. Bxa8 Nd7 15. Qxa7
1-0

[Event "Large October 06 Tournament"]
[Site "SchemingMind.com"]
[Date "2006.10.24"]
[Round "-"]
[White "tacticrules"]
[Black "Turbaczyk"]
[Result "1-0"]
[WhiteCountry "GER"]
[BlackCountry "POL"]
[WhiteElo "1610"]
[WhiteRD "53"]
[BlackElo "1187"]
[BlackRD "109"]
[GameID "73265"]

1. Nf3 c5 2. c4 Nc6 3. Nc3 d6 4. g3 Bg4 5. Bg2 Qd7 6. h3 Bxf3 7. Bxf3 O-O-O 8. Qa4 Kb8 9. Bxc6 bxc6 10. b4 Ka8
11. bxc5 dxc5 12. d3
1-0

[Event "Large October 06 Tournament"]
[Site "SchemingMind.com"]
[Date "2006.10.24"]
[Round "-"]
[White "cnbcad"]
[Black "_keyes"]
[Result "0-1"]
[WhiteCountry "USA"]
[BlackCountry "ENG"]
[WhiteElo "1484"]
[WhiteRD "60"]
[BlackElo "1892"]
[BlackRD "79"]
[GameID "73319"]

1. e4 c5 2. Nf3 d6 3. d4 cxd4 4. Nxd4 Nf6 5. f3 e5 6. Nf5 a6 7. Be3 Bxf5 8. exf5 d5 9. Bg5 Be7 10. Nc3 d4
11. Ne4 O-O 12. Bxf6 Bxf6 13. g4 Bh4+ 14. Nf2 Qa5+ 15. Qd2 Bxf2+ 16. Kd1 Qxd2+ 17. Kxd2 Be3+ 18. Kd3 Nc6 19. c3 Bf4 20. h4 dxc3
21. bxc3 Rfd8+ 22. Kc2 Rd2+ 23. Kb1 Rad8 24. Bc4 Rf2 25. a4 Na5 26. Ra2 Rdd2 27. Rxd2 Bxd2 28. Ba2 Bxc3 29. Rd1 Rd2 30. Rxd2 Bxd2
31. Kc2 Bf4 32. Kd3 Kf8 33. Ke4 Ke7 34. Kd5 b6 35. g5 f6 36. g6 h6 37. h5 Kd7 38. Bb1 Nb3 39. Bd3 Nc5 40. Bb5+ Kc7
41. Bxa6 Bd2 42. a5 Bxa5 43. Bc8 Kxc8 44. Kc6 Kd8
0-1

[Event "Large October 06 Tournament"]
[Site "SchemingMind.com"]
[Date "2006.10.24"]
[Round "-"]
[White "cnbcad"]
[Black "capablanca"]
[Result "0-1"]
[WhiteCountry "USA"]
[BlackCountry "GER"]
[WhiteElo "1484"]
[WhiteRD "60"]
[BlackElo "1673"]
[BlackRD "51"]
[GameID "73320"]

1. e4 c5 2. Nf3 Nc6 3. Bb5 g6 4. c3 Bg7 5. Ng5 a6 6. Qb3 e6 7. Bxc6 bxc6 8. d4 cxd4 9. cxd4 Bxd4 10. Qd3 Bg7
11. Qf3 Nh6 12. e5 Bxe5 13. Ne4 Nf5 14. O-O Nd4 15. Qd3 O-O 16. Nbc3 d6 17. Bg5 Qd7 18. Bf6 Qa7 19. Bxe5 dxe5 20. Nf6+ Kg7
21. Nce4 h6 22. Qd2 Bb7 23. Ng4 Rh8 24. Rae1 f5 25. Nxe5 Rhd8 26. Qf4 c5 27. Qg3 Bxe4 28. Qxg6+ Kf8 29. Qxh6+ Qg7 30. Ng6+ Kf7
31. Qxg7+ Kxg7 32. Nf4 Rg8 33. f3 Bb7 34. Nh5+ Kf7 35. Rc1 Ne2+ 36. Kh1 Nxc1 37. Rxc1 Rac8 38. Nf4 c4 39. Ne2 e5 40. h3 Bd5
41. Nc3 Be6 42. Kh2 Rcd8 43. Na4 Rd2 44. a3 Rgxg2+
0-1

[Event "Large October 06 Tournament"]
[Site "SchemingMind.com"]
[Date "2006.10.24"]
[Round "-"]
[White "cnbcad"]
[Black "tacticrules"]
[Result "1-0"]
[WhiteCountry "USA"]
[BlackCountry "GER"]
[WhiteElo "1519"]
[WhiteRD "56"]
[BlackElo "1610"]
[BlackRD "53"]
[GameID "73322"]

1. e4 e6 2. d4 d5 3. e5 c5 4. c3 Nc6 5. Bb5 Bd7 6. Nf3 Qb6 7. a4 a6 8. Bxc6 Bxc6 9. a5 Qc7 10. O-O Ne7
11. b4 cxb4 12. cxb4 Nf5 13. Ba3 Be7 14. b5 Bxb5 15. Re1 O-O-O 16. Nbd2 Bxa3 17. Rxa3 Kb8 18. Nb3 Bc4 19. Nc5 Rc8 20. Qb1 Nxd4
21. Nxa6+
1-0

[Event "Large October 06 Tournament"]
[Site "SchemingMind.com"]
[Date "2006.10.24"]
[Round "-"]
[White "cnbcad"]
[Black "mebalse"]
[Result "0-1"]
[WhiteCountry "USA"]
[BlackCountry "URU"]
[WhiteElo "1484"]
[WhiteRD "60"]
[BlackElo "1897"]
[BlackRD "106"]
[GameID "73323"]

1. e4 d5 2. e5 d4 3. Nf3 c5 4. Bc4 a6 5. Ng5 e6 6. Nxf7 Kxf7 7. d3 g6 8. Qf3+ Ke8 9. c3 Nc6 10. Nd2 Nxe5
11. Qe4 Nxc4 12. Nxc4 Nf6 13. Qe5 Be7 14. Bg5 Kf7 15. O-O b5 16. Nd2 dxc3 17. bxc3 Qxd3 18. Qc7 Rd8 19. Rae1 Nd5 20. Qe5 Qxc3
21. Qxc3 Nxc3 22. Be3 Nxa2 23. Ne4 c4 24. Bg5 Rd5 25. Bxe7 Kxe7 26. f4 b4 27. Ng5 h6 28. Nf3 b3 29. Ne5 c3
0-1

[Event "Large October 06 Tournament"]
[Site "SchemingMind.com"]
[Date "2006.10.25"]
[Round "-"]
[White "_keyes"]
[Black "cnbcad"]
[Result "1-0"]
[WhiteCountry "ENG"]
[BlackCountry "USA"]
[WhiteElo "1892"]
[WhiteRD "79"]
[BlackElo "1484"]
[BlackRD "60"]
[GameID "73325"]

1. d4 d5 2. c4 e6 3. Nc3 Nf6 4. Nf3 Bb4 5. e3 Ne4 6. Qc2 Bd7 7. Bd3 Nf6 8. O-O Nc6 9. Bd2 Qe7 10. a3 Bd6
11. c5 Bxh2+ 12. Nxh2 h5 13. f3 h4 14. Ne2 h3 15. g3 e5 16. dxe5 Nxe5 17. Rae1 O-O-O 18. b4 Kb8 19. Nd4 g5 20. b5 Nxd3
21. Qxd3 Qxc5 22. Bb4 Qb6 23. a4 a5 24. Bc3 Qd6 25. Kf2 Nh5 26. Rg1 Rdf8 27. Bxa5 b6 28. Bc3 f5 29. Nc6+ Bxc6 30. bxc6 Rhg8
31. Qb5 Kc8 32. Bb4 Qe5 33. Qa6+
1-0

[Event "Large October 06 Tournament"]
[Site "SchemingMind.com"]
[Date "2006.10.25"]
[Round "-"]
[White "capablanca"]
[Black "cnbcad"]
[Result "1-0"]
[WhiteCountry "GER"]
[BlackCountry "USA"]
[WhiteElo "1673"]
[WhiteRD "51"]
[BlackElo "1484"]
[BlackRD "60"]
[GameID "73326"]

1. c4 c5 2. Nc3 Nf6 3. g3 d5 4. cxd5 Nxd5 5. Bg2 Nf6 6. d3 Nc6 7. Nf3 e6 8. O-O h6 9. a3 Be7 10. Bf4 O-O
11. Qc2 Bd6 12. Bxd6 Qxd6 13. Nb5 Qd8 14. Qxc5 e5 15. Nxe5 Nxe5 16. Qxe5 Qb6 17. Nc7 Nd7 18. Qf4 Rb8 19. Nd5 Qc5 20. Rac1 Qb5
21. Ne7+ Kh8 22. b4 Nf6 23. Qxb8 Nd7 24. Qc7 Nf6 25. Nxc8 Qh5 26. Qe7 Re8 27. Qc5 Qg4 28. Nd6 b6 29. Qc6 Qh5 30. Nxe8 Ng4
31. h3
1-0

[Event "Large October 06 Tournament"]
[Site "SchemingMind.com"]
[Date "2006.10.25"]
[Round "-"]
[White "tacticrules"]
[Black "cnbcad"]
[Result "0-1"]
[WhiteCountry "GER"]
[BlackCountry "USA"]
[WhiteElo "1583"]
[WhiteRD "51"]
[BlackElo "1455"]
[BlackRD "52"]
[GameID "73328"]

1. Nf3 d5 2. d4 Bg4 3. Ne5 Nf6 4. h3 Bf5 5. g4 Bd7 6. Bg2 e6 7. c4 Bc6 8. Nc3 Bd6 9. Nxc6 Nxc6 10. cxd5 exd5
11. Qa4 a6 12. g5 Nd7 13. Bxd5 O-O 14. Bxc6 bxc6 15. Qxc6 g6 16. Nd5 Nb6 17. Nf6+ Kh8 18. Bd2 Qe7 19. h4 h5 20. e4 Qd8
21. O-O-O Be7 22. e5 Bxf6 23. gxf6 Qxd4 24. Bh6 Qb4 25. Bxf8 Rxf8 26. Qxc7 Nc4 27. b3 Qc3+
0-1

[Event "Large October 06 Tournament"]
[Site "SchemingMind.com"]
[Date "2006.10.25"]
[Round "-"]
[White "mebalse"]
[Black "cnbcad"]
[Result "1-0"]
[WhiteCountry "URU"]
[BlackCountry "USA"]
[WhiteElo "1888"]
[WhiteRD "81"]
[BlackElo "1519"]
[BlackRD "56"]
[GameID "73329"]

1. e4 e5 2. Nf3 Nc6 3. Bb5 h6 4. Nc3 a6 5. Ba4 b5 6. Bb3 Nf6 7. d3 Bc5 8. Be3 Bxe3 9. fxe3 d6 10. O-O Qe7
11. Ne2 Ng4 12. Qd2 h5 13. h3 Nh6 14. c3 g5 15. Bd5 Bd7 16. Nh2 O-O-O 17. Ng3 Rdf8 18. Nf5 Nxf5 19. exf5 Qf6 20. e4 Ne7
21. Bb3 Bc6 22. a4 d5 23. axb5 axb5 24. Ra6 g4 25. exd5 Kb7 26. Rxc6 Nxc6 27. dxc6+ Qxc6 28. hxg4 hxg4 29. Nxg4 Rh4 30. Ne3 Qh6
31. Bd5+ c6 32. Be4 Rh1+ 33. Kf2 Qh4+ 34. Ke2 Rh2 35. Kd1 Rh8 36. b4 Rd8 37. Kc2 Ra8 38. Kb3 Qd8 39. Rg1 f6 40. c4 Rh4
41. Qe2 Qb6 42. Qf3 Rf4 43. Qh3 Qa7 44. Qh7+ Kb8 45. Qg8+ Kb7 46. Qf7+ Kb8 47. Qe8+ Kc7 48. Qxc6+
1-0

[Event "Large October 06 Tournament"]
[Site "SchemingMind.com"]
[Date "2006.10.24"]
[Round "-"]
[White "nupshawjr"]
[Black "_keyes"]
[Result "0-1"]
[WhiteCountry "USA"]
[BlackCountry "ENG"]
[WhiteElo "1321"]
[WhiteRD "124"]
[BlackElo "1892"]
[BlackRD "79"]
[GameID "73367"]

1. e4 c5 2. Nf3 d6 3. d4 cxd4 4. Nxd4 Nf6 5. Nc3 a6 6. Bd3 e5 7. Nf3 h6 8. Be3 Be6 9. Qd2 Qc7 10. O-O Be7
11. a3 Nbd7 12. h3 Rc8 13. a4 O-O 14. Nd5 Bxd5 15. exd5 e4 16. Bxh6 gxh6 17. Qxh6 exd3 18. cxd3 Rfe8 19. Ng5 Bf8 20. Qh4 Bg7
21. a5 Qc2 22. Ra4 Qxd3 23. Rg4 Qxf1+ 24. Kxf1 Rc1#
0-1

[Event "Large October 06 Tournament"]
[Site "SchemingMind.com"]
[Date "2006.10.28"]
[Round "-"]
[White "nupshawjr"]
[Black "cnbcad"]
[Result "1-0"]
[WhiteCountry "USA"]
[BlackCountry "USA"]
[WhiteElo "1321"]
[WhiteRD "124"]
[BlackElo "1484"]
[BlackRD "60"]
[GameID "73368"]

1. e4 e5 2. f4 exf4 3. Nf3 Bc5 4. d4 Bb6 5. Bc4 g5 6. O-O d6 7. Nc3 Nc6 8. Bb5 Nf6 9. Nxg5 Bxd4+ 10. Kh1 Ng4
11. Rxf4 Nf2+ 12. Rxf2 Bxf2 13. Qf3 Qf6 14. Qxf6 Bd4 15. Qxf7+ Kd8 16. Ne6+ Bxe6 17. Qxe6 Rf8 18. Bg5+
1-0

[Event "Large October 06 Tournament"]
[Site "SchemingMind.com"]
[Date "2006.10.27"]
[Round "-"]
[White "nupshawjr"]
[Black "capablanca"]
[Result "0-1"]
[WhiteCountry "USA"]
[BlackCountry "GER"]
[WhiteElo "1321"]
[WhiteRD "124"]
[BlackElo "1673"]
[BlackRD "51"]
[GameID "73369"]

1. e4 c5 2. Nf3 Nc6 3. d4 cxd4 4. Nxd4 d6 5. Nc3 g6 6. Bc4 Bg7 7. Be3 Nf6 8. f3 O-O 9. Qd2 a6 10. O-O-O Nxd4
11. Bxd4 Bd7 12. h4 b5 13. Bb3 Rc8 14. Kb1 a5 15. g4 a4 16. Bd5 Nxd5 17. Bxg7 Kxg7 18. Nxd5 Be6 19. Qd4+ Kg8 20. h5 Bxd5
21. exd5 Rc4 22. Qd2 Qb6 23. hxg6 fxg6 24. Qh6 Rf7 25. f4 Rcxf4 26. a3 Rxg4 27. Ka2 Qf2 28. Rd3 Rg2 29. Rc3 Qf5 30. Rc7 Rxc2
31. Rb7 Qc8 32. Rxb5 Qc4+ 33. Ka1 Qxb5 34. Qxh7+ Rxh7
0-1

[Event "Large October 06 Tournament"]
[Site "SchemingMind.com"]
[Date "2006.10.28"]
[Round "-"]
[White "nupshawjr"]
[Black "tacticrules"]
[Result "0-1"]
[WhiteCountry "USA"]
[BlackCountry "GER"]
[WhiteElo "1321"]
[WhiteRD "124"]
[BlackElo "1601"]
[BlackRD "58"]
[GameID "73371"]

1. e4 c5 2. Nf3 d6 3. d4 cxd4 4. Nxd4 Nf6 5. Nc3 a6 6. Bd3 e5 7. Nb3 Be6 8. Bg5 Nbd7 9. Qd2 Be7 10. O-O-O h6
11. Be3 b5 12. h4 Qc7 13. f4 Rc8 14. f5 Bxb3 15. axb3 b4 16. Na4 a5 17. Rdg1 Ng4 18. Be2 Nxe3 19. Qxe3 Qxc2#
0-1

[Event "Large October 06 Tournament"]
[Site "SchemingMind.com"]
[Date "2006.10.29"]
[Round "-"]
[White "nupshawjr"]
[Black "mebalse"]
[Result "0-1"]
[WhiteCountry "USA"]
[BlackCountry "URU"]
[WhiteElo "1321"]
[WhiteRD "124"]
[BlackElo "1897"]
[BlackRD "106"]
[GameID "73372"]

1. e4 e5 2. f4 exf4 3. Nf3 g5 4. Bc4 h5 5. d4 d6 6. O-O Be6 7. d5 Bg4 8. b3 Bg7 9. c3 Qf6 10. Bb5+ Nd7
11. h3 O-O-O 12. hxg4 hxg4 13. e5 Qh6 14. e6 g3 15. Bxd7+ Kb8 16. Nh4 Qxh4 17. Rxf4 Qh1#
0-1